00751cam a22002291 4500001001300000003000400013005001700017008004100034010001700075035001900092040003700111042001200148050002100160100003000181245003300211250001600244260003500260300002800295500004000323505014100363999001700504f 01000513 DLC20260227111238.0760719s1885 fr 000 0 fre  af 01000513  a(OCoLC)2320039 aDLCcTxWBdTxWBdNPVdOCoLCdDLC apremarc00aPQ2411b.U7 18851 aSand, George,d1804-1876.12aL'uscoque,cpar George Sand. aNouv. éd. aParis,bCalmann Lévy,c1885. a2 p. l., 267 p.c19 cm. aHalf-title: Œuvres de George Sand.0 aL'uscoque.--La fauvette du docteur.--Sur la dernière publication de m. F. Lamennais.--Quelques réflexions sur Jean-Jacques Rousseau. c22435d22435